|
|
|
|
| LEADER |
00000nam0a2200000 4500 |
| 001 |
282233 |
| 005 |
20231101235459.0 |
| 020 |
|
|
|a RU
|b 84-46016
|
| 035 |
|
|
|a (RuTPU)RU\TPU\book\306109
|
| 090 |
|
|
|a 282233
|
| 100 |
|
|
|a 20150129d1984 k y0rusy5003 ca
|
| 101 |
0 |
|
|a rus
|
| 102 |
|
|
|a RU
|
| 105 |
|
|
|a a z 001zy
|
| 200 |
1 |
|
|a Теоретико-экспериментальный метод исследования ползучести в конструкциях
|e сборник научных трудов
|f Куйбышевский политехнический институт им. В. В. Куйбышева (КПИ)
|
| 210 |
|
|
|a Куйбышев
|c Изд-во КуАИ
|d 1984
|
| 215 |
|
|
|a 195, 7 с.
|c ил.
|
| 320 |
|
|
|a Библиография в конце статей
|
| 606 |
1 |
|
|a Ползучесть, теория
|2 stltpush
|3 (RuTPU)RU\TPU\subj\50143
|9 68890
|
| 610 |
1 |
|
|a исследование
|
| 610 |
1 |
|
|a конструкции
|
| 610 |
1 |
|
|a напряжения
|
| 610 |
1 |
|
|a концентрация
|
| 610 |
1 |
|
|a расчет
|
| 610 |
1 |
|
|a газотурбинные двигатели
|
| 610 |
1 |
|
|a диски
|
| 610 |
1 |
|
|a болтовые соединения
|
| 610 |
1 |
|
|a резьба
|
| 610 |
1 |
|
|a дискретное агрегирование
|
| 610 |
1 |
|
|a континуальное агрегирование
|
| 610 |
1 |
|
|a деформация
|
| 610 |
1 |
|
|a распределенные механические системы
|
| 610 |
1 |
|
|a надежность
|
| 675 |
|
|
|a 539.376
|z rus
|v 4
|
| 712 |
0 |
2 |
|a Куйбышевский политехнический институт им. В. В. Куйбышева (КПИ)
|c (1962-1991)
|2 stltpush
|3 (RuTPU)RU\TPU\col\320
|
| 801 |
|
0 |
|a RU
|b RuMRKP
|c 19950704
|g psbo
|
| 801 |
|
1 |
|a RU
|b 63413507
|c 20150129
|
| 801 |
|
2 |
|a RU
|b 63413507
|c 20170705
|g RCR
|
| 942 |
|
|
|c BK
|